1007 1978 1123 1612 1640 1718 1335 1876 1601 1481 1457 1894 1245 1777 1384 1975 1195 1645 1047 1060 1803 1808 1150 1748 1634 1071 1555 1573 1128 1697 1836 1904 1623 1350 1806 1358 1188 1747 1849 1089 1724 1572 1126 1078 1494 1768 1446 1360 1220 1739 1121 1635 1262 1649 1878 1593 1901 1881 1309 1282 1733 1131 1721 1248 1202 1968 1084 1634 1986 1458 1020 1465 1215 1949 1303 1327 1280 1215 1951 1944 1451 1477 1513 1883 1393 1362 1391 1335 1171 1130 1514 1510 1916 1796 1189 1018 1650 1176 1606 BCNSPRNW ULIB Ver.6.0+V

เปลี่ยนเป็นภาษาไทย

Change to English
 แสดงรายละเอียดบรรณานุกรม
  กลับหน้าหลัก

Brief Record : Get Marc (ISO 2709) : E-mail record : QR code < ปิดหน้าต่าง
LEADER : 00000nam 2200000uu 4500
001    13399109888
003     ULIB
008    110418s2551||||th 000 0 tha d
020    9789749901328
060 04 WD300^bพ693ร 2551
100 0  พิพัฒน์ ชูวรเวช
245 10 รู้ทันอันตรายโรคภูมิแพ้ ป้องกันได้ รักษาหาย ด้วยตนเอง/^cพิพัฒน์ ชูวรเวช,นพมาศ ชูวรเวช
250    พิมพ์ครั้งที่ 2
260    นนทบุรี :^bสนุกอ่าน,^c2551
300    269 หน้า :^bภาพประกอบ
650  7 ภูมิแพ้
700 0  นพมาศ ชูวรเวช
945    ^p185^l0^i024631
945    ^p185^l0^i024629
945    ^p185^l0^i024630
995    ทศพร
999 ^a ใช้งานได้ทุกระบบ
รายการนี้ยังไม่มีแท็ก
คุณยังไม่ได้ล็อกอิน คุณสามารถมีกิจกรรมร่วมกับเว็บไซต์ได้ แต่ต้องล็อกอินก่อน ::
  ล็อกอิน

รายการสื่อสารสนเทศ

ลำดับที่ ประเภท เลขเรียก/บาร์โค้ด สถานที่ สถานะ
- ไม่พบข้อมูล -

รายการใกล้เคียง
    ผู้แต่ง [พิพัฒน์ ชูวรเวช]

    หัวเรื่อง [ภูมิแพ้]

BibComment


ยังไม่เคยถูกคอมเมนท์

คอมเมนท์ทรัพยากรรายการนี้
  คอมเมนท์: รู้ทันอันตรายโรคภ..


 Copyright 2026. Bcnsprnw @Library